000 00597nam a22001817a 4500
005 20231101062426.0
008 231101b |||||||| |||| 00| 0 eng d
020 _a0409045837
041 _aEnglish
082 _a346.7 NOR
100 _aZulman, RH and Kairinos, G
_lEnglish
245 _aNorman's Law of Purchase and Sale in South Africa /
_cRH Zulman and G Kairinos
250 _aFifth Edition
260 _aDurban :
_bLexisNexis Butterworths,
_c2005
300 _bxvii, 323 pages ;
_c25 cm.
_e2 Editions
650 _alegal practice
_bLaw
942 _cBK
_6ALISON_BN_VRIES
999 _c198
_d198